000 01519cam a22003014a 4500
020 _a9780821378564
040 _ca
082 _a332 WOR 2009 A065 Or.
110 2 _aWorld Bank.
245 1 4 _aThe Little Data Book on Private Sector Development 2009
260 _aWashington, D.C. :
_bThe World Bank,
_c2009.
300 _a1 online resource (232 p.)
490 1 _aWorld Development Indicators
520 3 _aThe Little Data Book on Private Sector Development 2009 is one of a series of pocket-sized books intended to provide a quick reference to development data on different topics. The Little Data Book on Private Sector Development 2009 provides data for more than 20 key indicators on business environment and private sector development in a single page for each of the World Bank member countries and other economies with populations of more than 30,000. These more than 200 country pages are supplemented by aggregate data for regional and income groupings.
650 4 _aAccess to Finance.
650 4 _aBanks and Banking Reform.
650 4 _aCurrencies and Exchange Rates.
650 4 _aDebt Markets.
650 4 _aEconomic Theory and Research.
650 4 _aEmerging Markets.
650 4 _aFinance and Financial Sector Development.
650 4 _aInvestment and Investment Climate.
650 4 _aMacroeconomics and Economic Growth.
650 4 _aPrivate Sector Development.
710 2 _aWorld Bank.
856 4 0 _uhttp://elibrary.worldbank.org/content/book/9780821378540
942 _cEK
999 _c14361
_d14361